00800nam a2200193 a 4500003000200000005001700002008004100019050003100060100002900091245011200120260009200232300004000324504004100364650004800405650004400453650003900497650003500536650003500571020250506162837.0021114s19uu xx 00 eng d aPGS LB 1027.23b.N335 2002 aNazareno, Angelo Jose A. aEffects of Kumon Method of Learning on the performance in school of in students /cNazareno, Angelo Jose A. aLas Piñas City, Philippines : bSouthville International School and Colleges,c2002. a30 pages :billustrations ;c28 cm. aIncludes bibliographical references. aKumon method of instructionvEffectiveness. aIndividualized instructionvEvaluation. aKumon methodvStudent achievement. aLearning strategiesvStudents. aTutoring centers vEvaluation.